[Event "Titled Tuesday intern op 30th Apr Early"]
[Site "Chess.com INT"]
[Date "2024.04.30"]
[Round "1"]
[White "Sjoberg, Isak"]
[Black "Kaminski, Victor Kazimierz"]
[Result "1-0"]
[WhiteElo "2316"]
[BlackElo "2247"]
[PlyCount "133"]
[EventDate "2024.04.30"]
[EventType "swiss (blitz)"]
[EventRounds "11"]
[EventCountry "USA"]
[SourceTitle "CB19_2024"]
[SourceDate "2024.05.08"]
[SourceVersion "1"]
[SourceVersionDate "2024.05.08"]
[SourceQuality "1"]

1. e4 c5 2. Nf3 Nc6 3. Bb5 e6 4. Bxc6 bxc6 5. d3 d6 6. 0-0 e5 7. c3 Bg4 8. h3 Bh5 9. Qa4 Qd7 10. Nbd2 Nf6 11. Nh4 Be2 12. Re1 Bxd3 13. Re3 Bb5 14. Qa5 Qd8 15. Qa3 c4 16. b4 cxb3 17. c4 d5 18. Qxb3 dxc4 19. Nxc4 Qd4 20. Nb2 Bc5 21. Nf5 Qd7 22. Nxg7+ Kf8 23. Rg3 Nxe4 24. Bh6 Bxf2+ 25. Kh1 Nxg3+ 26. Kh2 Kg8 27. Rd1 Qe7 28. Qf3 Qh4 29. Qxf2 Nf1+ 30. Rxf1 Qxf2 31. Rxf2 Rd8 32. Nf5 f6 33. Ng3 Kf7 34. Ne4 Rdg8 35. Rxf6+ Ke7 36. Be3 Rg6 37. Bc5+ Kd7 38. Rf7+ Ke6 39. Re7+ Kd5 40. Nd1 Kxe4 41. Nf2+ Kd5 42. Bxa7 Bf1 43. Ng4 Ra8 44. Ne3+ Ke4 45. Nxf1 Rf8 46. Ng3+ Kd5 47. Be3 Rfg8 48. Bf2 h5 49. h4 Rg4 50. Kh3 Rf4 51. Be1 Rgg4 52. Rd7+ Ke6 53. Ne2 Rxh4+ 54. Bxh4 Kxd7 55. Nxf4 exf4 56. Bg5 Ke6 57. Bxf4 Kf5 58. Bd2 Ke4 59. Kh4 Kd3 60. Kxh5 Kxd2 61. g4 c5 62. g5 c4 63. g6 c3 64. g7 c2 65. g8Q c1Q 66. Qg5+ Kd3 67. Qxc1 1-0

[Event "Titled Tuesday intern op 30th Aug Early"]
[Site "Chess.com INT"]
[Date "2022.08.30"]
[Round "3"]
[White "Sjoberg, Isak"]
[Black "Lebedev, Artem S"]
[Result "0-1"]
[WhiteElo "2305"]
[BlackElo "1901"]
[PlyCount "108"]
[EventDate "2022.08.30"]
[EventType "swiss (blitz)"]
[EventRounds "11"]
[EventCountry "USA"]
[SourceTitle "EXT 2023"]
[Source "ChessBase"]
[SourceDate "2022.10.05"]
[SourceVersion "1"]
[SourceVersionDate "2022.10.05"]
[SourceQuality "1"]

1. c4 e6 2. g3 Nf6 3. Bg2 Be7 4. Nc3 0-0 5. Nf3 d5 6. 0-0 c5 7. cxd5 Nxd5 8. d3 Nc6 9. Bd2 b6 10. Rc1 Bb7 11. a3 Rc8 12. h4 Nd4 13. Nxd5 Nxf3+ 14. Bxf3 Bxd5 15. Bxd5 Qxd5 16. Bc3 Rfd8 17. Qa4 Rc7 18. Qg4 Bf8 19. b4 h5 20. Qg5 Qxg5 21. hxg5 cxb4 22. Bxb4 Rdc8 23. Rce1 Rc2 24. Kg2 Rb2 25. Rh1 g6 26. Rh4 Rcc2 27. Kf3 a5 28. Bxf8 Kxf8 29. Rd4 Ke7 30. a4 Rc5 31. Kf4 Rf5+ 32. Ke3 Rxg5 33. Rc1 Rc5 34. Rxc5 bxc5 35. Rc4 Rb4 36. Rxc5 Rxa4 37. d4 Ra3+ 38. Ke4 Ra2 39. Kf3 Ra3+ 40. Kf4 Ra2 41. Kf3 Ra4 42. e3 Ra3 43. Kf4 Ra2 44. f3 Kf6 45. e4 Ra3 46. e5+ Kg7 47. Rc7 a4 48. Ra7 Ra1 49. g4 hxg4 50. Kxg4 a3 51. Kf4 a2 52. Ra8 g5+ 53. Kxg5 Rg1+ 54. Kf4 a1Q 0-1

[Event "NOR-ch"]
[Site "Kongsvinger"]
[Date "2022.07.08"]
[Round "1"]
[White "Sjoberg, Isak"]
[Black "Elsness, Frode"]
[Result "0-1"]
[WhiteElo "2308"]
[BlackElo "2464"]
[PlyCount "134"]
[EventDate "2022.07.08"]
[EventType "swiss"]
[EventRounds "9"]
[EventCountry "NOR"]
[SourceTitle "CBM 209 Extra"]
[Source "ChessBase"]
[SourceDate "2022.09.30"]
[SourceVersion "1"]
[SourceVersionDate "2022.09.30"]
[SourceQuality "1"]

1. e4 e5 2. Nf3 Nc6 3. Nc3 Nf6 4. d4 exd4 5. Nxd4 Bb4 6. Nxc6 bxc6 7. Bd3 0-0 8. 0-0 d5 9. exd5 cxd5 10. Bg5 c6 11. Qf3 h6 12. Bxf6 Qxf6 13. Qxf6 gxf6 14. Ne2 Rb8 15. b3 Re8 16. Rad1 Bg4 17. f3 Bd7 18. c4 Re5 19. Ng3 Rd8 20. f4 Re3 21. Be2 d4 22. Rf3 Rde8 23. Rxe3 Rxe3 24. Kf1 c5 25. Rd3 Re6 26. Kf2 Ra6 27. a4 Kf8 28. Rd1 Rb6 29. Bd3 Bc3 30. Rb1 Bb4 31. f5 Bd2 32. Nh5 Ke7 33. g4 Bc6 34. Ke2 Bg5 35. Ng3 Bf4 36. Kf2 Kd6 37. Ne4+ Bxe4 38. Bxe4 Bxh2 39. Kf3 Rb8 40. Rb2 Bg1 41. Rb1 Be3 42. Bd5 Bg5 43. Be4 Re8 44. Rd1 Rh8 45. Rh1 Kc7 46. Ke2 Re8 47. Kd3 Rb8 48. Rb1 Be3 49. Rb2 Kd6 50. a5 Ke5 51. Bf3 Kf4 52. Bd1 Kg3 53. a6 Kf4 54. Ra2 Rb6 55. Ra5 Rc6 56. Be2 Rb6 57. Bd1 Rc6 58. Be2 Bc1 59. Ra1 Bb2 60. Rf1+ Ke5 61. Rh1 Rxa6 62. Rxh6 Bc3 63. Bd1 Ra1 64. Rh1 Kf4 65. Kc2 Ra2+ 66. Kb1 Rb2+ 67. Kc1 d3 0-1

[Event "Titled Tuesday intern op 31st May Early"]
[Site "Chess.com INT"]
[Date "2022.05.31"]
[Round "5"]
[White "Sjoberg, Isak"]
[Black "Arabidze, Meri"]
[Result "0-1"]
[WhiteElo "2308"]
[BlackElo "2436"]
[PlyCount "58"]
[EventDate "2022.05.31"]
[EventType "swiss (blitz)"]
[EventRounds "11"]
[EventCountry "USA"]
[SourceTitle "CBM 208 Extra"]
[Source "ChessBase"]
[SourceDate "2022.07.31"]
[SourceVersion "1"]
[SourceVersionDate "2022.07.31"]
[SourceQuality "1"]

1. e4 c5 2. b3 e5 3. Bb2 Nc6 4. Bc4 d6 5. Ne2 Nf6 6. d3 Be6 7. 0-0 Be7 8. h3 0-0 9. Nd2 Nd4 10. f4 Bxc4 11. Nxc4 Nd7 12. Nxd4 cxd4 13. Ba3 exf4 14. Rxf4 Ne5 15. Qe2 b5 16. Nd2 Bg5 17. Rf5 Rc8 18. Nf1 f6 19. Qf2 Qb6 20. Bb2 Be3 21. Nxe3 dxe3 22. Qe2 Rfe8 23. Rc1 Nc6 24. c3 b4 25. cxb4 Nd4 26. Qe1 Nxf5 27. Rxc8 Rxc8 28. exf5 e2+ 29. Kh2 Re8 0-1

[Event "Titled Tuesday intern op 31st May Early"]
[Site "Chess.com INT"]
[Date "2022.05.31"]
[Round "2"]
[White "Sjoberg, Isak"]
[Black "Bobomurodova, Maftuna"]
[Result "1-0"]
[WhiteElo "2308"]
[BlackElo "1900"]
[PlyCount "39"]
[EventDate "2022.05.31"]
[EventType "swiss (blitz)"]
[EventRounds "11"]
[EventCountry "USA"]
[SourceTitle "CBM 208 Extra"]
[Source "ChessBase"]
[SourceDate "2022.07.31"]
[SourceVersion "1"]
[SourceVersionDate "2022.07.31"]
[SourceQuality "1"]

1. e4 e5 2. Nf3 Nc6 3. d4 exd4 4. Nxd4 Bc5 5. Nb3 Bb6 6. Nc3 a5 7. a4 d6 8. Nd5 Ba7 9. Bb5 Bd7 10. 0-0 h6 11. Kh1 Nf6 12. f4 0-0 13. e5 dxe5 14. Nxf6+ gxf6 15. f5 Nd4 16. Nxd4 Bxd4 17. Bxh6 Kh7 18. Qh5 Rh8 19. Qxf7+ Kxh6 20. Qg6# 1-0

[Event "Titled Tuesday intern op 31st May Early"]
[Site "Chess.com INT"]
[Date "2022.05.31"]
[Round "3"]
[White "Sjoberg, Isak"]
[Black "Hambleton, Aman"]
[Result "1-0"]
[WhiteElo "2308"]
[BlackElo "2454"]
[PlyCount "109"]
[EventDate "2022.05.31"]
[EventType "swiss (blitz)"]
[EventRounds "11"]
[EventCountry "USA"]
[SourceTitle "CBM 208 Extra"]
[Source "ChessBase"]
[SourceDate "2022.07.31"]
[SourceVersion "1"]
[SourceVersionDate "2022.07.31"]
[SourceQuality "1"]

1. e4 c5 2. Nf3 e6 3. b3 Nc6 4. Bb2 d6 5. Bb5 Bd7 6. 0-0 a6 7. Bxc6 Bxc6 8. Nc3 e5 9. Ne1 Be7 10. f4 exf4 11. Nd5 Nf6 12. Nxe7 Qxe7 13. d3 d5 14. Rxf4 dxe4 15. Bxf6 gxf6 16. dxe4 Rg8 17. Qe2 0-0-0 18. Nd3 Rg6 19. g3 b6 20. Re1 Kb7 21. Qh5 Qe6 22. a4 a5 23. Qf5 Qe7 24. e5 Ka7 25. exf6 Qd6 26. Re7+ Rd7 27. Rxd7+ Bxd7 28. Qe5 Qc6 29. Qe7 Kb8 30. Ne5 Qd5 31. Qxd7 Qxe5 32. Qd8+ Kb7 33. Qe7+ Qc7 34. h4 Kc6 35. Qe8+ Kb7 36. Re4 Qxg3+ 37. Kf1 Qg1+ 38. Ke2 Rg2+ 39. Kd3 Qd1+ 40. Kc4 Qxc2+ 41. Kd5 Qd3+ 42. Ke5 Rf2 43. Qxf7+ Ka6 44. Qc4+ Qxc4 45. bxc4 Kb7 46. Rf4 Re2+ 47. Kf5 Kc7 48. f7 Re8 49. fxe8Q b5 50. Re4 bxa4 51. Re7+ Kd6 52. Qd8+ Kc6 53. Rc7+ Kb6 54. Qb8+ Ka6 55. Ra7# 1-0

[Event "Titled Tuesday intern op 10th May Early"]
[Site "Chess.com INT"]
[Date "2022.05.10"]
[Round "2"]
[White "Sjoberg, Isak"]
[Black "Musat, Adrian"]
[Result "1-0"]
[WhiteElo "2308"]
[BlackElo "2378"]
[PlyCount "57"]
[EventDate "2022.05.10"]
[EventType "swiss (blitz)"]
[EventRounds "11"]
[EventCountry "USA"]
[SourceTitle "CBM 208 Extra"]
[Source "ChessBase"]
[SourceDate "2022.07.31"]
[SourceVersion "1"]
[SourceVersionDate "2022.07.31"]
[SourceQuality "1"]

1. h4 d5 2. h5 h6 3. g3 Nc6 4. Bg2 Bf5 5. d3 Nf6 6. Nc3 e6 7. Nf3 Bc5 8. Bf4 Ng4 9. d4 Bb4 10. Nh4 Bxc3+ 11. bxc3 Bh7 12. e4 Nf6 13. exd5 exd5 14. 0-0 0-0 15. Rb1 Na5 16. Be5 c6 17. Qf3 Bxc2 18. Rb4 Be4 19. Qe2 Bxg2 20. Kxg2 Re8 21. Nf5 b5 22. Qf3 Ne4 23. Bxg7 Nd2 24. Qg4 Re4 25. Nxh6+ Kh7 26. Qf5+ Kxg7 27. Qxf7+ Kh8 28. Qg6 Nxf1 29. Nf7# 1-0

[Event "Titled Tuesday intern op 19th Apr Early"]
[Site "Chess.com INT"]
[Date "2022.04.19"]
[Round "6"]
[White "Sjoberg, Isak"]
[Black "Kozak, Antoni"]
[Result "0-1"]
[WhiteElo "2315"]
[BlackElo "2458"]
[PlyCount "84"]
[EventDate "2022.04.19"]
[EventType "swiss (blitz)"]
[EventRounds "11"]
[EventCountry "USA"]
[SourceTitle "EXT 2023"]
[Source "ChessBase"]
[SourceDate "2022.10.05"]
[SourceVersion "1"]
[SourceVersionDate "2022.10.05"]
[SourceQuality "1"]

1. e4 c5 2. Nf3 d6 3. d4 cxd4 4. Qxd4 Nf6 5. Nc3 Bd7 6. Bg5 Nc6 7. Qd2 e6 8. 0-0-0 a6 9. h4 h6 10. Bf4 Ng4 11. Nh2 Nge5 12. Bg3 b5 13. f4 Nc4 14. Bxc4 bxc4 15. f5 e5 16. Ng4 Be7 17. Nd5 Nd4 18. Bf2 h5 19. Bxd4 exd4 20. f6 gxf6 21. Nf2 c3 22. Qxd4 cxb2+ 23. Kb1 Be6 24. Nd3 Rg8 25. N3b4 Rc8 26. Rd2 a5 27. Nd3 Rg4 28. N3f4 Rc5 29. Rf1 Rxh4 30. Qxb2 Qd7 31. Ka1 Kd8 32. Nxf6 Qb5 33. N6d5 Qxf1+ 34. Qb1 Qxb1+ 35. Kxb1 Bxd5 36. Nxd5 Rxe4 37. Kb2 Re5 38. Nf4 Bf6 39. c3 Rf5 40. Ne2 Rf2 41. Kc2 Bg5 42. Rxd6+ Ke7 0-1

[Event "Kragero op"]
[Site "Kragero"]
[Date "2022.02.24"]
[Round "4"]
[White "Blokhin, Sofia"]
[Black "Sjoberg, Isak"]
[Result "1/2-1/2"]
[WhiteElo "2059"]
[BlackElo "2322"]
[PlyCount "102"]
[EventDate "2022.02.23"]
[EventType "swiss"]
[EventRounds "9"]
[EventCountry "NOR"]
[SourceTitle "CBM 207 Extra"]
[Source "ChessBase"]
[SourceDate "2022.05.31"]
[SourceVersion "1"]
[SourceVersionDate "2022.05.31"]
[SourceQuality "1"]

1. e4 e5 2. Bc4 Nf6 3. d3 Nc6 4. Nf3 Be7 5. 0-0 0-0 6. a4 d6 7. h3 Kh8 8. Nc3 Ng8 9. Nd5 f5 10. Nxe7 Qxe7 11. Bg5 Qe8 12. exf5 Bxf5 13. Nh4 Be6 14. Bxe6 Qxe6 15. Qg4 Qxg4 16. hxg4 Nd4 17. c3 Ne6 18. Be3 Nf6 19. f3 Nd5 20. Bf2 Ne7 21. d4 g5 22. Nf5 Nxf5 23. gxf5 Rxf5 24. dxe5 Rxe5 25. Rfe1 Kg7 26. Rxe5 dxe5 27. Rd1 Nf8 28. Bc5 Kf6 29. Bxf8 Rxf8 30. g4 Ke6 31. Kg2 Rf4 32. b4 Rc4 33. Rh1 Rxc3 34. Rxh7 Rc4 35. b5 Kd6 36. Rg7 e4 37. fxe4 Rxa4 38. Kf3 Ra3+ 39. Kf2 Ra2+ 40. Kf3 Ra3+ 41. Kf2 Ke5 42. Rxg5+ Kxe4 43. Rc5 Rb3 44. g5 Rf3+ 45. Ke2 Re3+ 46. Kf2 Rf3+ 47. Ke2 Rf5 48. Rxc7 Rxg5 49. Rxb7 Rg2+ 50. Kf1 Ra2 51. b6 axb6 1/2-1/2

[Event "Kragero op"]
[Site "Kragero"]
[Date "2022.02.23"]
[Round "2"]
[White "Van Foreest, Lucas"]
[Black "Sjoberg, Isak"]
[Result "1-0"]
[WhiteElo "2563"]
[BlackElo "2322"]
[PlyCount "73"]
[EventDate "2022.02.23"]
[EventType "swiss"]
[EventRounds "9"]
[EventCountry "NOR"]
[SourceTitle "CBM 207 Extra"]
[Source "ChessBase"]
[SourceDate "2022.05.31"]
[SourceVersion "1"]
[SourceVersionDate "2022.05.31"]
[SourceQuality "1"]

1. d4 Nf6 2. c4 g6 3. Nc3 Bg7 4. e4 d6 5. h3 0-0 6. Be3 c5 7. Nf3 cxd4 8. Nxd4 b6 9. Be2 Bb7 10. f3 Nc6 11. Nxc6 Bxc6 12. h4 a6 13. Qd2 b5 14. cxb5 axb5 15. Nxb5 d5 16. Nd4 Bb7 17. e5 Nh5 18. f4 Ng3 19. Rh3 Ne4 20. Qb4 Rb8 21. h5 Ba6 22. Qa3 Bxe2 23. Nxe2 Qd7 24. Bd4 Rfc8 25. hxg6 hxg6 26. Qd3 Qa4 27. Kf1 Rc2 28. Rd1 Rbc8 29. a3 e6 30. Kg1 Bf8 31. Kh2 Be7 32. Nc3 Nxc3 33. bxc3 Bxa3 34. f5 Kg7 35. f6+ Kg8 36. Ra1 Rc1 37. Qd2 1-0

[Event "NOR-chT Elite 2122"]
[Site "Norway"]
[Date "2022.02.04"]
[Round "4.4"]
[White "Galchenko, Matvey"]
[Black "Sjoberg, Isak"]
[Result "1-0"]
[WhiteElo "2443"]
[BlackElo "2287"]
[PlyCount "49"]
[EventDate "2021.10.28"]
[EventType "team-tourn"]
[EventRounds "9"]
[EventCountry "NOR"]
[SourceTitle "EXT 2023"]
[Source "ChessBase"]
[SourceDate "2022.10.05"]
[SourceVersion "1"]
[SourceVersionDate "2022.10.05"]
[SourceQuality "1"]
[WhiteTeam "Alta"]
[BlackTeam "Nordstrand"]
[WhiteTeamCountry "NOR"]
[BlackTeamCountry "NOR"]

1. d4 Nf6 2. c4 g6 3. Nc3 Bg7 4. Nf3 0-0 5. Bf4 d6 6. e3 c5 7. h3 Qb6 8. Rb1 Nc6 9. d5 e5 10. Bg5 Ne7 11. g4 Bd7 12. Nd2 Qc7 13. Qf3 e4 14. Qf4 h6 15. Bxh6 Rae8 16. Bxg7 Kxg7 17. Ndxe4 Nxe4 18. Nxe4 Qa5+ 19. Nc3 b5 20. Qxd6 b4 21. Ne4 Nf5 22. Qxc5 Qxa2 23. Bd3 Qb3 24. Ke2 Nh4 25. Qd4+ 1-0

[Event "Titled Tuesday intern op 25th Jan"]
[Site "Chess.com INT"]
[Date "2022.01.25"]
[Round "2"]
[White "Zarubitski, Viachaslau"]
[Black "Sjoberg, Isak"]
[Result "1-0"]
[WhiteElo "2420"]
[BlackElo "2322"]
[PlyCount "77"]
[EventDate "2022.01.25"]
[EventType "swiss (blitz)"]
[EventRounds "11"]
[EventCountry "USA"]
[SourceTitle "CBM 206 Extra"]
[Source "ChessBase"]
[SourceDate "2022.03.31"]
[SourceVersion "1"]
[SourceVersionDate "2022.03.31"]
[SourceQuality "1"]

1. d4 Nf6 2. c4 e6 3. Nf3 c5 4. d5 exd5 5. cxd5 d6 6. Nc3 g6 7. h3 Bg7 8. Bf4 0-0 9. e3 Na6 10. Be2 Nc7 11. 0-0 Qe7 12. Bh2 Rb8 13. a4 b6 14. Nd2 Nfe8 15. Nc4 Ba6 16. Qc2 Bxc4 17. Bxc4 a6 18. Be2 f5 19. Rab1 b5 20. b4 c4 21. Bf3 Nf6 22. Rfe1 bxa4 23. Nxa4 Qd7 24. Qxc4 Rfc8 25. Qa2 Kh8 26. Rec1 Ncxd5 27. Bxd5 Nxd5 28. Qxd5 Qxa4 29. Bxd6 Rd8 30. Qc5 Ra8 31. Be5 Qd7 32. Bxg7+ Qxg7 33. Qc6 Rdb8 34. Ra1 Qb2 35. Rab1 Qe5 36. Rc5 Rc8 37. Qxa8 Qxc5 38. Qxa6 Ra8 39. Qxa8+ 1-0

[Event "Titled Tuesday intern op 18th Jan"]
[Site "Chess.com INT"]
[Date "2022.01.18"]
[Round "6"]
[White "Maksimovic, Bojan"]
[Black "Sjoberg, Isak"]
[Result "1-0"]
[WhiteElo "2455"]
[BlackElo "2322"]
[PlyCount "75"]
[EventDate "2022.01.18"]
[EventType "swiss (blitz)"]
[EventRounds "11"]
[EventCountry "USA"]
[SourceTitle "CBM 206 Extra"]
[Source "ChessBase"]
[SourceDate "2022.03.31"]
[SourceVersion "1"]
[SourceVersionDate "2022.03.31"]
[SourceQuality "1"]

1. d4 Nf6 2. c4 e6 3. Nf3 c5 4. d5 exd5 5. cxd5 d6 6. Nc3 g6 7. Nd2 Bg7 8. e4 0-0 9. Be2 Re8 10. 0-0 Na6 11. Re1 Nc7 12. h3 Rb8 13. a4 b6 14. Bf1 a6 15. Nc4 b5 16. Na5 Bd7 17. axb5 Nxb5 18. Nxb5 axb5 19. Nc6 Bxc6 20. dxc6 Nxe4 21. Qd5 Nf6 22. Rxe8+ Nxe8 23. Bf4 Rc8 24. Ra7 Rc7 25. Rxc7 Qxc7 26. Bxb5 Bxb2 27. Bc4 Bf6 28. g3 Kg7 29. h4 h6 30. Kg2 Bd8 31. Kh2 Qe7 32. Qf3 Bc7 33. Bd5 Nf6 34. Qd3 Qe1 35. Kg2 Qb4 36. Bf3 Qb6 37. Qc3 Qb3 38. Qxb3 1-0

[Event "Titled Tuesday intern op 18th Jan"]
[Site "Chess.com INT"]
[Date "2022.01.18"]
[Round "7"]
[White "Sjoberg, Isak"]
[Black "Panesar, Vedant"]
[Result "1-0"]
[WhiteElo "2322"]
[BlackElo "2379"]
[PlyCount "103"]
[EventDate "2022.01.18"]
[EventType "swiss (blitz)"]
[EventRounds "11"]
[EventCountry "USA"]
[SourceTitle "CBM 206 Extra"]
[Source "ChessBase"]
[SourceDate "2022.03.31"]
[SourceVersion "1"]
[SourceVersionDate "2022.03.31"]
[SourceQuality "1"]

1. e4 c6 2. d4 d5 3. Nc3 dxe4 4. Nxe4 Nf6 5. Nxf6+ exf6 6. c3 Bd6 7. Bd3 0-0 8. Qc2 Re8+ 9. Ne2 h5 10. 0-0 h4 11. Bf4 h3 12. g3 Na6 13. Rfe1 Bg4 14. Bh7+ Kf8 15. Bf5 Bxe2 16. Bxd6+ Qxd6 17. Rxe2 c5 18. dxc5 Nxc5 19. Rae1 Rxe2 20. Qxe2 g6 21. Bxh3 Rd8 22. Bg2 b6 23. h4 Nd3 24. Rf1 Ne5 25. h5 Qd2 26. Re1 gxh5 27. Be4 Kg7 28. Kg2 Qxe2 29. Rxe2 Rd1 30. b3 Ng6 31. Bxg6 Kxg6 32. Re7 a6 33. Rb7 Rd6 34. c4 a5 35. a3 Rc6 36. Kf3 a4 37. bxa4 Rxc4 38. Rxb6 Rxa4 39. Rb3 Kg5 40. Kg2 f5 41. Kh3 f4 42. Rb5+ f5 43. gxf4+ Kxf4 44. Rb4+ Rxb4 45. axb4 Ke5 46. Kh4 Kd4 47. Kxh5 Kc4 48. Kg5 Kxb4 49. Kxf5 Kc3 50. Ke6 Kd4 51. f4 Ke4 52. f5 1-0

[Event "NOR-ch"]
[Site "Oslo"]
[Date "2021.07.04"]
[Round "3"]
[White "Elsness, Frode"]
[Black "Sjoberg, Isak"]
[Result "1-0"]
[WhiteElo "2459"]
[BlackElo "2238"]
[PlyCount "81"]
[EventDate "2021.07.02"]
[EventType "swiss"]
[EventRounds "9"]
[EventCountry "NOR"]
[SourceTitle "CBM 203 Extra"]
[Source "ChessBase"]
[SourceDate "2021.09.30"]
[SourceVersion "1"]
[SourceVersionDate "2021.09.30"]
[SourceQuality "1"]

1. d4 Nf6 2. c4 g6 3. Nc3 Bg7 4. e4 d6 5. Nf3 0-0 6. Be2 e5 7. Be3 Ng4 8. Bg5 f6 9. Bc1 Nc6 10. 0-0 Nxd4 11. Nxd4 exd4 12. Qxd4 f5 13. Qd5+ Kh8 14. exf5 Rxf5 15. Qe4 Re5 16. Qc2 Bf5 17. Qd1 Qh4 18. Bf4 Nh6 19. Bg3 Qe7 20. Bxe5 Bxe5 21. Qd2 Qh4 22. f4 Bg7 23. Bf3 c6 24. Rae1 Rd8 25. Ne4 Bxe4 26. Rxe4 d5 27. cxd5 cxd5 28. Qe1 Qxe1 29. Rexe1 Bxb2 30. Re7 Nf5 31. Rxb7 Bd4+ 32. Kh1 Bb6 33. a4 Ne3 34. Rb1 d4 35. a5 Bxa5 36. Rxa7 Bc3 37. Rbb7 d3 38. Rxh7+ Kg8 39. Rhd7 Re8 40. Rxd3 Ng4 41. Bd5+ 1-0

[Event "NOR-ch"]
[Site "Oslo"]
[Date "2021.07.03"]
[Round "2"]
[White "Sjoberg, Isak"]
[Black "Abdrlauf, Elham"]
[Result "1-0"]
[WhiteElo "2238"]
[BlackElo "2338"]
[PlyCount "57"]
[EventDate "2021.07.02"]
[EventType "swiss"]
[EventRounds "9"]
[EventCountry "NOR"]
[SourceTitle "CBM 203 Extra"]
[Source "ChessBase"]
[SourceDate "2021.09.30"]
[SourceVersion "1"]
[SourceVersionDate "2021.09.30"]
[SourceQuality "1"]

1. e4 c6 2. d4 d5 3. Nc3 dxe4 4. Nxe4 Nf6 5. Nxf6+ exf6 6. c3 g6 7. h4 Bg7 8. h5 0-0 9. Bc4 b5 10. Bb3 Re8+ 11. Ne2 Bg4 12. f3 Be6 13. hxg6 hxg6 14. Bh6 Bxh6 15. Rxh6 Kg7 16. Qd2 Rh8 17. Rxh8 Qxh8 18. Kf2 Nd7 19. Ng3 Qh6 20. f4 Bxb3 21. axb3 Qh4 22. f5 Qg4 23. fxg6 fxg6 24. Qe3 Kf7 25. Re1 g5 26. Qe7+ Kg6 27. Re4 Qd1 28. Qxd7 Qd2+ 29. Ne2 1-0

[Event "Kragero Sept op"]
[Site "Kragero"]
[Date "2020.09.06"]
[Round "6"]
[White "Cross, Jamie"]
[Black "Sjoberg, Isak"]
[Result "0-1"]
[WhiteElo "1676"]
[BlackElo "2245"]
[PlyCount "64"]
[EventDate "2020.09.04"]
[EventType "swiss"]
[EventRounds "6"]
[EventCountry "NOR"]
[SourceTitle "CBM 198 Extra"]
[Source "ChessBase"]
[SourceDate "2020.11.30"]
[SourceVersion "1"]
[SourceVersionDate "2020.11.30"]
[SourceQuality "1"]

1. d4 Nf6 2. Nc3 d5 3. Bf4 g6 4. e3 Bg7 5. h4 c5 6. Nb5 Na6 7. c3 cxd4 8. exd4 0-0 9. h5 Nxh5 10. Rxh5 gxh5 11. Qxh5 f5 12. Nf3 Qe8 13. Qh2 Bd7 14. a4 Bxb5 15. Bxb5 Qg6 16. 0-0-0 Nb8 17. Rh1 Nc6 18. Bxc6 bxc6 19. Be5 c5 20. dxc5 Rac8 21. b4 f4 22. Kb2 a5 23. Bxg7 Qxg7 24. Kb3 Rc7 25. Nd4 axb4 26. cxb4 Rb7 27. Ne6 Rxb4+ 28. Kc2 Qb2+ 29. Kd1 Qb1+ 30. Ke2 Qe4+ 31. Kd2 Rb2+ 32. Kc3 Rc2+ 0-1

[Event "Kragero Sept op"]
[Site "Kragero"]
[Date "2020.09.04"]
[Round "1"]
[White "Sjoberg, Isak"]
[Black "Haug, Havard"]
[Result "1-0"]
[WhiteElo "2245"]
[BlackElo "1735"]
[PlyCount "81"]
[EventDate "2020.09.04"]
[EventType "swiss"]
[EventRounds "6"]
[EventCountry "NOR"]
[SourceTitle "CBM 198 Extra"]
[Source "ChessBase"]
[SourceDate "2020.11.30"]
[SourceVersion "1"]
[SourceVersionDate "2020.11.30"]
[SourceQuality "1"]

1. e4 c5 2. Nf3 Nc6 3. Bb5 g6 4. 0-0 Bg7 5. d3 d6 6. c3 a6 7. Bxc6+ bxc6 8. Be3 e6 9. e5 c4 10. exd6 Qxd6 11. dxc4 Qxd1 12. Rxd1 Ne7 13. Bc5 e5 14. Nbd2 f5 15. Re1 e4 16. Nxe4 fxe4 17. Rxe4 Bf6 18. Rae1 Bf5 19. Bxe7 Bxe4 20. Bxf6 Kf7 21. Bxh8 Bxf3 22. gxf3 Rxh8 23. Rd1 Ke7 24. c5 a5 25. Rd6 Rb8 26. b3 Rc8 27. Kf1 Rc7 28. Ke2 Rc8 29. Kd3 Rc7 30. Kc4 Rc8 31. a4 Rc7 32. b4 Rc8 33. bxa5 Ra8 34. Rxc6 Rxa5 35. Kb4 Ra8 36. Rc7+ Kd8 37. Rxh7 Rb8+ 38. Kc4 Rb2 39. a5 Rxf2 40. a6 Ra2 41. a7 1-0

[Event "Oslo Offerspill Nordic"]
[Site "Oslo"]
[Date "2020.08.28"]
[Round "8"]
[White "Sjoberg, Isak"]
[Black "Janzelj, Lara"]
[Result "1/2-1/2"]
[WhiteElo "2220"]
[BlackElo "2210"]
[PlyCount "94"]
[EventDate "2020.08.21"]
[EventType "swiss"]
[EventRounds "9"]
[EventCountry "NOR"]
[SourceTitle "CBM 198 Extra"]
[Source "ChessBase"]
[SourceDate "2020.11.30"]
[SourceVersion "1"]
[SourceVersionDate "2020.11.30"]
[SourceQuality "1"]

1. e4 d6 2. d4 Nf6 3. Nc3 e5 4. Nf3 Nbd7 5. Bc4 Be7 6. 0-0 0-0 7. Re1 c6 8. a4 a5 9. h3 Nb6 10. Bb3 Nfd7 11. Be3 exd4 12. Nxd4 Nc5 13. Qf3 Bf6 14. Rad1 Nxb3 15. cxb3 Nd7 16. Qe2 g6 17. f4 Re8 18. Nf3 Qe7 19. Qd2 Nc5 20. Bxc5 dxc5 21. e5 Bg7 22. Ne4 Be6 23. Qc3 b6 24. Nfg5 Bd5 25. Nf2 Red8 26. Qg3 f6 27. exf6 Qxf6 28. Rd2 Rf8 29. Qh4 h5 30. Nd3 Qd4+ 31. Kh1 Bxb3 32. Re4 Qd7 33. Qe1 Qf5 34. g4 Qf6 35. Kg1 Bd5 36. Re7 Qd4+ 37. Nf2 Qxf4 38. Rxd5 Qg3+ 39. Kh1 Qxf2 40. Qe6+ Kh8 41. Rf7 Qc2 42. Rdf5 Rfe8 43. Rf8+ Bxf8 44. Nf7+ Kh7 45. Ng5+ Kh6 46. Nf7+ Kh7 47. Ng5+ Kh6 1/2-1/2

[Event "Oslo Offerspill Nordic"]
[Site "Oslo"]
[Date "2020.08.26"]
[Round "6"]
[White "Sjoberg, Isak"]
[Black "Djurhuus, Rune"]
[Result "1/2-1/2"]
[WhiteElo "2220"]
[BlackElo "2430"]
[PlyCount "72"]
[EventDate "2020.08.21"]
[EventType "swiss"]
[EventRounds "9"]
[EventCountry "NOR"]
[SourceTitle "CBM 198 Extra"]
[Source "ChessBase"]
[SourceDate "2020.11.30"]
[SourceVersion "1"]
[SourceVersionDate "2020.11.30"]
[SourceQuality "1"]

1. e4 c5 2. Nf3 Nc6 3. Bb5 g6 4. 0-0 Bg7 5. d3 Nf6 6. Nc3 0-0 7. e5 Ng4 8. Bxc6 bxc6 9. Re1 f6 10. exf6 Nxf6 11. Qe2 Re8 12. Ne4 d6 13. Bh6 Bg4 14. Bxg7 Kxg7 15. h3 Bxf3 16. Qxf3 Qd7 17. Nxf6 exf6 18. Re3 Re5 19. Rae1 Rae8 20. c3 h5 21. d4 Rxe3 22. Rxe3 cxd4 23. cxd4 Rxe3 24. fxe3 Qe6 25. Kf2 Qxa2 26. Qxc6 Qxb2+ 27. Kf3 Qb1 28. Qd7+ Kh6 29. Qxd6 Qf1+ 30. Kg3 h4+ 31. Kh2 Qf2 32. Qf8+ Kh5 33. Qc5+ f5 34. d5 Qg3+ 35. Kh1 Qe1+ 36. Kh2 Qg3+ 1/2-1/2